Cradles of Civilization - Statistics

General Stats
  • This quiz has been taken 40,455 times
  • The average score is 4 of 6
Answer Stats
Answer % Correct
Mesopotamia
85%
China
84%
Egypt
77%
Indus Valley
77%
Mesoamerica
58%
The Andes
38%
No matching quizzes found
Score Distribution
Percent of People with Each Score
Percentile by Number Answered
Your Score History
You have not taken this quiz